| 000 | 00584cam a22002291 4500 | ||
|---|---|---|---|
| 001 | ne 65000474 | ||
| 003 | DLC | ||
| 005 | 20260227111811.0 | ||
| 008 | 890814m19611965xx 000 0 per | ||
| 010 | _ane 65000474 | ||
| 035 | _a(OCoLC)23521169 | ||
| 040 |
_aDLC _cMiU _dDLC |
||
| 050 | 0 | 0 |
_aPJ7521 _b.M8 |
| 100 | 1 |
_aMushār, Khānbābā, _d1900 or 1901- |
|
| 245 | 1 | 0 | _aMu'allifīn-i kutub-i chāpī. |
| 260 | _c[1961/62-65] | ||
| 300 |
_a6 v. _bports. _c25 cm. |
||
| 504 | _aIncludes bibliographies. | ||
| 505 | 1 | _a# | |
| 650 | 0 | _aAuthors, Arab. | |
| 650 | 0 |
_aAuthors _zIran. |
|
| 999 |
_c47954 _d47954 |
||